| Registos Bibliográficos associados ao registo de autoridade |
|
Etiqueta de registo: 00254nam 2200025 450 001 2272501 003 http://id.bnportugal.gov.pt/bib/catbnp/2272501 010 ## $a978-972-541-133-9 021 ## $aPT$b555729/25 100 ## $a20260226d2025 m y0pory01030103ba 101 0# $apor 102 ## $aPT 105 ## $aa z 000yy 106 ## $ar 200 1# $a A surdez e a pessoa com disfunção auditiva$fautores António Ricardo Miranda... [et al.]$gcoord. Helena Caria$grev. científica Ana Mineiro... [et al.] 210 #9 $aLisboa$cUniversidade Católica,$d2025 215 ## $a212 p.$cil.$d30 cm 225 2# $aVaria 675 ## $a612.85(042)$vBN$zpor$31265419 675 ## $a611.85(042)$vBN$zpor$31991889 675 ## $a616.28-008.1(042)$vBN$zpor$31391087 701 #1 $aMiranda,$bAntónio Ricardo$4070$31987688 702 #1 $aMineiro,$bAna,$f1966-$4695$3217375 702 #1 $aCaria,$bHelena$4340$3868875 801 #0 $aPT$bBN$gRPC 856 41 $uhttp://rnod.bnportugal.gov.pt/ImagesBN/winlibimg.aspx?skey=&doc=2272501&img=220445&save=true 900 ## $aBIBNAC$d20260331 966 ## $lBN$mFGMON$sS.A. 193319 V.$x1 966 ## $lBN$mFGMON$sS.A. 193319 V.-D$x1 971 ## $cabrito$d20260226 972 ## $e0$z0$d20260331$vlrevez 973 ## $cmlsousa$d20260317
|
|
|